| 000 | 00599nam a22001937a 4500 | ||
|---|---|---|---|
| 003 | OSt | ||
| 005 | 20260309085224.0 | ||
| 008 | 260309b |||||||| |||| 00| 0 eng d | ||
| 020 | _a0-534-21024-4. | ||
| 040 |
_aDWCL Main lib _cOC |
||
| 082 | _aCirc. 301 K33 1996 | ||
| 100 | _aKendall, Diana | ||
| 245 |
_aSociology in our times _cDiana Kendall |
||
| 260 |
_aBelmont, California : _bWadsworth Publishing Company, _cc1996. |
||
| 300 |
_axxxii, 734 p. : _bcol. ill. ; _c28 cm. |
||
| 504 | _aIncludes bibliographical references and index. | ||
| 650 | _aSociology. | ||
| 942 |
_2ddc _cBK-CIRC _kCirc. _n0 |
||
| 999 |
_c8779 _d8779 |
||